| 000 | 00554nam a22001937a 4500 | ||
|---|---|---|---|
| 003 | LK-CoMWRAF | ||
| 005 | 20231225114152.0 | ||
| 008 | 231010b2000 |||||||| |||| 00| 0 eng d | ||
| 020 | _a9525265072 | ||
| 040 |
_aLK-CoMWRAF _dLK-CoMWRAF _eLK-CoMWRAF |
||
| 041 | _aeng | ||
| 082 |
_a305.4 _bAKE |
||
| 100 | _aÅkermark, Sia Spiliopoulou | ||
| 245 |
_aHuman Rights of Minority Women: _ba Manual of International Law |
||
| 260 |
_aMarirhamn: _bThe Åland Islands Peace Institute, _c2000 |
||
| 300 | _a207 p. | ||
| 650 | _aWOMEN-Human rights | ||
| 942 | _cBK | ||
| 999 |
_c3822 _d3822 |
||